Základy poisťovníctva

Guardado en:
Detalles Bibliográficos
Autor principal: Kafková, Eva
Formato: Libro
Lenguaje:eslovaco
Publicado: Košice Podnikovohospodárska fakulta EU 2012
Materias:
Etiquetas: Agregar Etiqueta
Sin Etiquetas, Sea el primero en etiquetar este registro!

MARC

LEADER 00000nam$a2200000$$$4500
001 0163019
005 20240502072826.9
041 0 |a slo 
044 |a SK 
245 1 0 |a Základy poisťovníctva  |c Eva Kafková 
264 1 |a Košice  |b Podnikovohospodárska fakulta EU  |c 2012 
300 |a [38 s.] 
610 2 0 |a poisťovníctvo 
610 2 0 |a riziko poistné 
100 1 |a Kafková, Eva